<?xml version="1.0" encoding="UTF-8"?>
<record
    xmlns:xsi="http://www.w3.org/2001/XMLSchema-instance"
    xsi:schemaLocation="http://www.loc.gov/MARC21/slim http://www.loc.gov/standards/marcxml/schema/MARC21slim.xsd"
    xmlns="http://www.loc.gov/MARC21/slim">

  <leader>01488cas a2200397 a 4500</leader>
  <controlfield tag="001">648</controlfield>
  <controlfield tag="003">BD-RjUL</controlfield>
  <controlfield tag="005">20211208233219.0</controlfield>
  <controlfield tag="008">131122c19749999bg fr p s    f0   a0eng c</controlfield>
  <datafield tag="035" ind1=" " ind2=" ">
    <subfield code="a">(WaSeSS)ssj0000329339</subfield>
  </datafield>
  <datafield tag="035" ind1=" " ind2=" ">
    <subfield code="a">(BD-RjUL)667</subfield>
  </datafield>
  <datafield tag="040" ind1=" " ind2=" ">
    <subfield code="a">MnSU</subfield>
    <subfield code="c">MnSU</subfield>
    <subfield code="d">NIC</subfield>
    <subfield code="d">MnMULS</subfield>
    <subfield code="d">NST</subfield>
    <subfield code="d">DNAL</subfield>
    <subfield code="d">ICRL</subfield>
    <subfield code="d">OCoLC</subfield>
    <subfield code="d">WaSeSS</subfield>
    <subfield code="d">BD-RjUL</subfield>
  </datafield>
  <datafield tag="042" ind1=" " ind2=" ">
    <subfield code="a">pcc</subfield>
  </datafield>
  <datafield tag="043" ind1=" " ind2=" ">
    <subfield code="a">a-bg---</subfield>
  </datafield>
  <datafield tag="082" ind1=" " ind2=" ">
    <subfield code="a">P 630.5</subfield>
    <subfield code="b">BJA </subfield>
  </datafield>
  <datafield tag="130" ind1="0" ind2=" ">
    <subfield code="a">Bangladesh journal of agricultural research (Online)</subfield>
    <subfield code="9">1957</subfield>
  </datafield>
  <datafield tag="245" ind1="1" ind2="0">
    <subfield code="a">Bangladesh journal of agricultural research /</subfield>
    <subfield code="c">Bangladesh Agricultural Research Institute.</subfield>
  </datafield>
  <datafield tag="260" ind1=" " ind2=" ">
    <subfield code="a">Dacca :</subfield>
    <subfield code="b">Bangladesh Agricultural Research Institute,</subfield>
    <subfield code="c">1974-</subfield>
  </datafield>
  <datafield tag="300" ind1=" " ind2=" ">
    <subfield code="a">v. ;</subfield>
    <subfield code="c">25 cm.</subfield>
  </datafield>
  <datafield tag="506" ind1=" " ind2=" ">
    <subfield code="a">Access limited to subscribers.</subfield>
  </datafield>
  <datafield tag="650" ind1=" " ind2="0">
    <subfield code="a">Agriculture</subfield>
    <subfield code="v">Periodicals.</subfield>
    <subfield code="9">1958</subfield>
  </datafield>
  <datafield tag="650" ind1=" " ind2="0">
    <subfield code="a">Agriculture</subfield>
    <subfield code="x">Research</subfield>
    <subfield code="z">Bangladesh</subfield>
    <subfield code="v">Periodicals.</subfield>
    <subfield code="9">1959</subfield>
  </datafield>
  <datafield tag="655" ind1=" " ind2="0">
    <subfield code="a">Electronic journals.</subfield>
    <subfield code="9">801</subfield>
  </datafield>
  <datafield tag="710" ind1="2" ind2=" ">
    <subfield code="a">Bangladesh Agricultural Research Institute.</subfield>
    <subfield code="9">1960</subfield>
  </datafield>
  <datafield tag="776" ind1="1" ind2=" ">
    <subfield code="t">Bangladesh journal of agricultural research</subfield>
    <subfield code="x">0258-7122</subfield>
    <subfield code="w">(DLC)sn 86017535</subfield>
  </datafield>
  <datafield tag="856" ind1="4" ind2="0">
    <subfield code="u">http://www.columbia.edu/cgi-bin/cul/resolve?clio7824602</subfield>
    <subfield code="z">Full text available from Bangladesh Journals Online: 2007 to present</subfield>
  </datafield>
  <datafield tag="942" ind1=" " ind2=" ">
    <subfield code="2">ddc</subfield>
    <subfield code="c">CR</subfield>
  </datafield>
  <datafield tag="999" ind1=" " ind2=" ">
    <subfield code="c">648</subfield>
    <subfield code="d">648</subfield>
  </datafield>
  <datafield tag="952" ind1=" " ind2=" ">
    <subfield code="0">0</subfield>
    <subfield code="1">0</subfield>
    <subfield code="2">ddc</subfield>
    <subfield code="4">0</subfield>
    <subfield code="5">1</subfield>
    <subfield code="7">1</subfield>
    <subfield code="8">NFIC</subfield>
    <subfield code="a">RUCL</subfield>
    <subfield code="b">RUCL</subfield>
    <subfield code="c">Serials </subfield>
    <subfield code="d">2000-02-27</subfield>
    <subfield code="e">Gazipur, Bangladesh agricultural research institute.</subfield>
    <subfield code="g">0.00</subfield>
    <subfield code="h">Volume 24 No.1-4  (Mar.-Dec. 1999)</subfield>
    <subfield code="l">0</subfield>
    <subfield code="o">P 630.5 BJA V-24 No.1-4 1999</subfield>
    <subfield code="r">2013-11-22 00:00:00</subfield>
    <subfield code="t">C-1</subfield>
    <subfield code="w">2021-12-08</subfield>
    <subfield code="y">CR</subfield>
  </datafield>
  <datafield tag="952" ind1=" " ind2=" ">
    <subfield code="0">0</subfield>
    <subfield code="1">0</subfield>
    <subfield code="2">ddc</subfield>
    <subfield code="4">0</subfield>
    <subfield code="5">1</subfield>
    <subfield code="7">1</subfield>
    <subfield code="a">RUCL</subfield>
    <subfield code="b">RUCL</subfield>
    <subfield code="c">Serials </subfield>
    <subfield code="d">2014-05-29</subfield>
    <subfield code="e">Gazipur, Bangladesh agricultural research  institute.</subfield>
    <subfield code="g">0.00</subfield>
    <subfield code="h">Volume 36 No.1-4  (2011)</subfield>
    <subfield code="l">0</subfield>
    <subfield code="o">P 630.5 BJA V-36 No.1-4 2011</subfield>
    <subfield code="r">2014-05-29 00:00:00</subfield>
    <subfield code="t">C-1</subfield>
    <subfield code="w">2014-05-29</subfield>
    <subfield code="y">CR</subfield>
  </datafield>
  <datafield tag="952" ind1=" " ind2=" ">
    <subfield code="0">0</subfield>
    <subfield code="1">0</subfield>
    <subfield code="2">ddc</subfield>
    <subfield code="4">0</subfield>
    <subfield code="5">1</subfield>
    <subfield code="7">1</subfield>
    <subfield code="a">RUCL</subfield>
    <subfield code="b">RUCL</subfield>
    <subfield code="c">Serials </subfield>
    <subfield code="d">2014-05-29</subfield>
    <subfield code="e">Gazipur, Bangladesh agricultural research institute.</subfield>
    <subfield code="g">0.00</subfield>
    <subfield code="h">Volum 37 No.1-4  (2012)</subfield>
    <subfield code="l">0</subfield>
    <subfield code="o">P 630.5 BJA V-37 No.1-4 2012</subfield>
    <subfield code="r">2014-05-29 00:00:00</subfield>
    <subfield code="t">C-1</subfield>
    <subfield code="w">2014-05-29</subfield>
    <subfield code="y">CR</subfield>
  </datafield>
</record>
